000 00854cam a2200289 4500
001 2198606
003 GBCCL
005 20241126110421.0
008 710115s1970 paub b 000 0 eng
010 _a 73134271
020 _a0664208983
040 _aDLC
_cDLC
_dDLC
050 0 0 _aBS1335.3
_b.G7 1970b
082 0 0 _a222.5077
_bGRA
100 1 _aGray, John,
_d1913-2000.
_94453
245 1 0 _aI & II Kings;
_ba commentary.
250 _a2d, fully rev. ed.
260 _aPhiladelphia,
_bWestminster Press
_c[1970]
300 _axviii, 802 p.
_bmaps.
_c23 cm.
350 _a$15.00
440 4 _aThe Old Testament library
_94454
504 _aBibliography: p. [777]-802.
630 0 0 _aBible.
_pKings
_xCommentaries.
_9761
730 0 2 _aBible.
_pKings.
_lEnglish.
_f1970.
_94455
906 _a7
_bcbc
_corignew
_d2
_encip
_f19
_gy-gencatlg
942 _2ddc
_cREF
999 _c2177
_d2177